000 003100000a22000970004500
100 1 _aReiland, Ralph R.
245 1 0 _aThe incredible regulatory follies : Even children can't escape the long reach of regulation
300 _aVol. 46, Num. 8 (Agosto, 1996), Páginas 553-554
773 0 _tThe Freeman
942 _cANA
999 _c56397
_d56397